MARC details
| 000 -CABECERA |
| campo de control de longitud fija |
00987nam a2200265 a 4500 |
| 001 - NÚMERO DE CONTROL |
| campo de control |
000024899 |
| 005 - FECHA Y HORA DE LA ÚLTIMA TRANSACCIÓN |
| campo de control |
20200930023434.0 |
| 008 - DATOS DE LONGITUD FIJA--INFORMACIÓN GENERAL |
| campo de control de longitud fija |
110207s1989 cu a r 000 0 spa d |
| 040 ## - FUENTE DE LA CATALOGACIÓN |
| Centro catalogador/agencia de origen |
DO-SdBNP |
| Lengua de catalogación |
spa |
| Centro/agencia transcriptor |
BNPHU |
| 082 ## - NÚMERO DE LA CLASIFICACIÓN DECIMAL DEWEY |
| Número de clasificación |
616.462 |
| Número de documento/Ítem |
M425q, 1989 |
| 049 ## - FONDOS LOCALES (OCLC) |
| Fondos de biblioteca |
BNGR |
| 100 1# - ENTRADA PRINCIPAL--NOMBRE DE PERSONA |
| Nombre de persona |
Mateo de Acosta, Oscar |
| 9 (RLIN) |
51121 |
| 245 10 - MENCIÓN DE TÍTULO |
| Título |
Lo que todo diabético debe saber / |
| Mención de responsabilidad, etc. |
Oscar Mateo de Acosta, Rosario García González ; edición María Elena Espinosa Pérez, Emilio Hernández Váldez. |
| 250 ## - MENCIÓN DE EDICIÓN |
| Mención de edición |
2a ed. |
| 260 ## - PUBLICACIÓN, DISTRIBUCIÓN, ETC. |
| Lugar de publicación, distribución, etc. |
La Habana, Cuba : |
| Nombre del editor, distribuidor, etc. |
Ciencias Médicas, |
| Fecha de publicación, distribución, etc. |
1989. |
| 300 ## - DESCRIPCIÓN FÍSICA |
| Extensión |
162, [6] p. : |
| Otras características físicas |
il. ; |
| Dimensiones |
21 cm. |
| 650 #4 - PUNTO DE ACCESO ADICIONAL DE MATERIA--TÉRMINO DE MATERIA |
| Término de materia o nombre geográfico como elemento de entrada |
Diabetes |
| 9 (RLIN) |
9373 |
| 650 #4 - PUNTO DE ACCESO ADICIONAL DE MATERIA--TÉRMINO DE MATERIA |
| Término de materia o nombre geográfico como elemento de entrada |
Hipoglicemia |
| 9 (RLIN) |
51122 |
| 650 #4 - PUNTO DE ACCESO ADICIONAL DE MATERIA--TÉRMINO DE MATERIA |
| Término de materia o nombre geográfico como elemento de entrada |
Diabetes |
| Subdivisión general |
Aspectos nutricionales |
| 9 (RLIN) |
9374 |
| 650 #4 - PUNTO DE ACCESO ADICIONAL DE MATERIA--TÉRMINO DE MATERIA |
| Término de materia o nombre geográfico como elemento de entrada |
Dieta sin azúcar |
| 9 (RLIN) |
51123 |
| 700 1# - PUNTO DE ACCESO ADICIONAL--NOMBRE DE PERSONA |
| Nombre de persona |
García González, Rosario, |
| 9 (RLIN) |
51124 |
| 700 1# - PUNTO DE ACCESO ADICIONAL--NOMBRE DE PERSONA |
| Nombre de persona |
Espinosa Pérez, María Elena |
| Término indicativo de función/relación |
ed. |
| 9 (RLIN) |
51125 |
| 700 1# - PUNTO DE ACCESO ADICIONAL--NOMBRE DE PERSONA |
| Nombre de persona |
Hernández Váldez, Emilio |
| Término indicativo de función/relación |
ed. |
| 9 (RLIN) |
51126 |
| 710 2# - PUNTO DE ACCESO ADICIONAL--NOMBRE DE ENTIDAD CORPORATIVA |
| Nombre de entidad corporativa o nombre de jurisdicción como elemento de entrada |
Instituto Nacional de Endocrinología |
| 9 (RLIN) |
51127 |